|
|
|
|
| LEADER |
00000nam0a2200000 4500 |
| 001 |
181970 |
| 005 |
20231101223646.0 |
| 010 |
|
|
|a 9785996301188
|
| 035 |
|
|
|a (RuTPU)RU\TPU\book\197252
|
| 090 |
|
|
|a 181970
|
| 100 |
|
|
|a 20100615d2010 k y0rusy50 ca
|
| 101 |
0 |
|
|a rus
|
| 102 |
|
|
|a RU
|
| 105 |
|
|
|a y z 001zy
|
| 200 |
1 |
|
|a Итерационные методы решения седловых задач
|f Ю. В. Быченков, Е. В. Чижонков
|
| 210 |
|
|
|a Москва
|c Бином ЛЗ
|d 2010
|
| 215 |
|
|
|a 349 с.
|c ил.
|
| 225 |
1 |
|
|a Математическое моделирование
|
| 320 |
|
|
|a Библиогр.: с. 329-343.
|
| 330 |
|
|
|a Впервые в одной книге рассматриваются все известные итерационные методы для больших систем линейных алгебраических уравнений блочной структуры, которые имеют в качестве решения седловую точку: подробно анализируются идеи построения, условия сходимости и вопросы оптимизации. Результаты анализа представлены в виде удобных для использования формул. Имеющееся приложение ориентировано на применение теории для численного моделирования в гидродинамике и смежных областях. Для научных работников в области вычислительной математики, аспирантов и студентов, а также для инженеров и исследователей в прикладных областях.
|
| 606 |
1 |
|
|a Линейных уравнений системы
|2 stltpush
|3 (RuTPU)RU\TPU\subj\67729
|9 83421
|
| 610 |
1 |
|
|a седловые задачи
|
| 610 |
1 |
|
|a решение
|
| 610 |
1 |
|
|a итерационные методы
|
| 610 |
1 |
|
|a релаксационные методы
|
| 610 |
1 |
|
|a релаксация
|
| 610 |
1 |
|
|a погрешности
|
| 610 |
1 |
|
|a оценка
|
| 610 |
1 |
|
|a метод MJOR
|
| 610 |
1 |
|
|a метод MSOR
|
| 610 |
1 |
|
|a системы с параметром
|
| 610 |
1 |
|
|a нормальные уравнения
|
| 610 |
1 |
|
|a обобщенные результаты
|
| 610 |
1 |
|
|a блочно треугольное предобусловливание
|
| 610 |
1 |
|
|a GMSOR
|
| 610 |
1 |
|
|a блочно диагональное предобусловливание
|
| 610 |
1 |
|
|a симметризация
|
| 610 |
1 |
|
|a модельные седловые операторы
|
| 610 |
1 |
|
|a итерации
|
| 610 |
1 |
|
|a гидродинамика
|
| 610 |
1 |
|
|a вычислительная математика
|
| 675 |
|
|
|a 512.644
|v 3
|
| 700 |
|
1 |
|a Быченков
|b Ю. В.
|g Юрий Владимирович
|
| 701 |
|
1 |
|a Чижонков
|b Е. В.
|g Евгений Владимирович
|
| 801 |
|
1 |
|a RU
|b 63413507
|c 20100615
|
| 801 |
|
2 |
|a RU
|b 63413507
|c 20150502
|g RCR
|
| 942 |
|
|
|c BK
|
| 959 |
|
|
|a 42/20100611
|d 2
|e 220,00
|f АНЛ:1
|f ЧЗТЛ:1
|